Normal view MARC view
  • Leff, Enrique

Entry Nombre Personal

Number of records used in: 14

001 - NUMERO DE CONTROL

  • campo de control: 28977

003 - IDENTIFICADOR DE NUMERO DE CONTROL

  • campo de control: DLC

005 - FECHA Y HORA DE LA ÜLTIMA TRANSACCIÓN

  • campo de control: 20221130084808.0

008 - DATOS DE LONGITUD FIJA

  • campo de control de longitud fija: 840720n| azannaabn |a aaa

010 ## - NÚMERO DE CONTROL DE LA BIBLIOTECA DEL CONGRESO

  • Número de control LC: n 84030523

035 ## - NUMERO DE CONTROL

  • Número de control: (OCoLC)oca01166014

035 ## - NUMERO DE CONTROL

  • Número de control: (CaEvSKY)skya2186980

040 ## - FUENTE DE CATALOGACIÓN

  • Agencia original de catalogación: DLC
  • Lenguaje de catalogación: spa
  • Description conventions: rda
  • Agencia de transcripción: DLC
  • Agencia que lo modifica: OCoLC
  • Agencia que lo modifica: MiEM
  • Agencia que lo modifica: MX-MxUPN

100 1# - ENCABEZAMIENTO - NOMBRE PERSONAL

  • Nombre personal: Leff, Enrique

373 ## - GRUPO ASOCIADO

  • Associated group: Universidad Nacional Autónoma de México. Facultad de Ciencias Políticas y Sociales
  • Associated group: Universidad Nacional Autónoma de México. Instituto de Investigaciones Sociales
  • Fuente del término: naf

374 ## - OCUPACIÓN

  • Occupation: Profesor universitario

400 1# - VEÁSE - NOMBRE DE PERSONA

  • Personal name: Leff Zimmerman, Enrique

670 ## - FUENTE EN LA QUE SE LOCALIZARON DATOS

  • Cita de la fuente: Biosociología y articulación de las ciencias, 1981:
  • Información localizada: portada (Enrique Leff)

670 ## - FUENTE EN LA QUE SE LOCALIZARON DATOS

  • Cita de la fuente: A Amazônia dos viajantes, 2011:
  • Información localizada: supplementary DVD, on-screen credits (Ambientalista Dr. Enrique Leff) end credits (Enrique Leff Zimmerman, Professor, Facultad de Ciencias Políticas y Sociales, UNAM; interests in political ecology and environmental policies)

670 ## - FUENTE EN LA QUE SE LOCALIZARON DATOS

  • Cita de la fuente: Academia.edu, viewed December 18, 2014:
  • Información localizada: Enrique Leff page (UNAM Universidad Nacional Autónoma de México, Instituto de Investigaciones Sociales, Faculty Member; research in sociology, environmental sustainability, phenomenology)
  • Uniform Resource Identifier: http://unam.academia.edu/EnriqueLeff

670 ## - FUENTE EN LA QUE SE LOCALIZARON DATOS

  • Cita de la fuente: La complejidad ambiental, 2000:
  • Información localizada: portada (Enrique Leff, coordinador)

902 ## - CATALOGADOR

  • Catalogador: Víctor Ruiz/301122